[Event "ch-city"]
[Site "Milanowek"]
[Date "2010.06.26"]
[Round "1.1"]
[White "Kowalik, Pawel"]
[Black "Janczarski, Michal"]
[Result "0-1"]
[WhiteElo "1791"]
[BlackElo "2281"]
[PlyCount "132"]
[EventDate "2010.06.26"]
[EventType "swiss"]
[EventRounds "1"]
[EventCountry "POL"]
[SourceDate "2010.06.26"]

1. c4 Nf6 2. Nc3 c5 3. Nf3 Nc6 4. d4 cxd4 5. Nxd4 g6 6. g3 Bg7 7. Bg2 O-O 8.
O-O Nxd4 9. Qxd4 d6 10. b3 Ne4 11. Qxe4 Bxc3 12. Bh6 Bxa1 13. Bxf8 Bf6 14. Bh6
Qa5 15. a4 Rb8 16. Qd5 Qc3 17. Qd3 Qxd3 18. exd3 a6 19. Be3 b6 20. Be4 Be6 21.
b4 Bc3 22. b5 a5 23. Rc1 Bb2 24. Rc2 Ba3 25. Rc3 Bb4 26. Rc1 Bc5 27. Bg5 f6 28.
Be3 Bf7 29. Bd5 e6 30. Bc6 e5 31. Kf1 Kf8 32. h4 Ke7 33. Ke2 Rc8 34. Rb1 Be6
35. Rc1 f5 36. Bg5+ Kf7 37. Bd5 Bd4 38. Bc6 Kg7 39. Be3 Bc5 40. Bd5 Bd7 41. Rd1
Re8 42. Bxc5 dxc5 43. Kd2 Kf6 44. f3 h6 45. Rh1 Rd8 46. f4 Re8 47. Re1 Re7 48.
Kc3 Be8 49. Re3 g5 50. hxg5+ hxg5 51. fxe5+ Rxe5 52. Rxe5 Kxe5 53. Bf3 Bd7 54.
Bg2 f4 55. gxf4+ gxf4 56. Bf3 Bh3 57. Bh1 Bg4 58. Bg2 f3 59. Bf1 f2 60. Kc2 Kd4
61. Kd2 Bf5 62. Kc2 Ke3 63. Kc3 Bg4 64. d4 cxd4+ 65. Kb2 Bd1 66. Ka3 Be2 0-1

[Event "ch-city"]
[Site "Milanowek"]
[Date "2010.06.26"]
[Round "1.2"]
[White "Olejarczyk, Bogdan"]
[Black "Paziewski, Marcin"]
[Result "1-0"]
[WhiteElo "2174"]
[BlackElo "1761"]
[PlyCount "95"]
[EventDate "2010.06.26"]
[EventType "swiss"]
[EventRounds "1"]
[EventCountry "POL"]
[SourceDate "2010.06.26"]

1. d4 d5 2. Nf3 Nf6 3. c4 dxc4 4. e3 e6 5. Bxc4 c5 6. Nc3 Nc6 7. O-O cxd4 8.
exd4 a6 9. a3 Be7 10. Bg5 O-O 11. Qd3 b5 12. Bb3 b4 13. Na4 Rb8 14. Rfc1 Na5
15. Nc5 Nxb3 16. Qxb3 Nd5 17. Bxe7 Nxe7 18. axb4 Qb6 19. Ra4 Rd8 20. Qd3 Nd5
21. Rc4 Ra8 22. h4 Bd7 23. Nxd7 Rxd7 24. Qc2 Rc7 25. Rxc7 Qxc7 26. Qc5 Qd7 27.
Ra1 Rc8 28. Qa5 Qb5 29. Qxa6 Qxa6 30. Rxa6 Nxb4 31. Rb6 Nd5 32. Rb7 h6 33. g3
g6 34. Ne5 Rc7 35. Rxc7 Nxc7 36. Kf1 g5 37. hxg5 hxg5 38. Ke2 Kf8 39. Nc6 Ke8
40. Kd3 f6 41. Kc4 Kd7 42. Na5 Nd5 43. b4 f5 44. Nb7 f4 45. Nc5+ Ke7 46. Ne4 g4
47. Kc5 f3 48. b5 1-0

[Event "ch-city"]
[Site "Milanowek"]
[Date "2010.06.26"]
[Round "1.3"]
[White "Woloszyn, Piotr"]
[Black "Winski, Lukasz"]
[Result "1-0"]
[WhiteElo "1759"]
[BlackElo "2115"]
[PlyCount "123"]
[EventDate "2010.06.26"]
[EventType "swiss"]
[EventRounds "1"]
[EventCountry "POL"]
[SourceDate "2010.06.26"]

1. g3 e5 2. Bg2 Nf6 3. c4 d6 4. Nc3 Nc6 5. e3 Be6 6. Nd5 Nd7 7. b3 g6 8. Bb2
Bg7 9. Ne2 O-O 10. O-O f5 11. f4 Rb8 12. Nec3 Re8 13. Rb1 a6 14. a4 Ne7 15.
Nxe7+ Qxe7 16. Bd5 c6 17. Bf3 e4 18. Be2 d5 19. Na2 dxc4 20. bxc4 Bxb2 21. Rxb2
Nc5 22. Qc2 Red8 23. Nc3 Qf7 24. Nd1 Nd3 25. Bxd3 exd3 26. Qc3 Bxc4 27. Rb6 Bd5
28. Nf2 Qe6 29. Rfb1 Rd7 30. Qc5 h5 31. h4 Bf3 32. Rxa6 Re8 33. Rab6 Ree7 34.
a5 Kh7 35. Qc3 Qd5 36. a6 Bg4 37. Nxg4 hxg4 38. Rf1 bxa6 39. Rxa6 Re6 40. Ra8
Rd8 41. Ra7+ Rd7 42. Rxd7+ Qxd7 43. Qc5 Qd6 44. Qc4 Qd7 45. Rc1 Kg7 46. Qc3+
Rf6 47. Qa5 Re6 48. Qc3+ Rf6 49. Qc5 Qd6 50. Qa7+ Rf7 51. Qa6 Rf6 52. Qb7+ Kh6
53. Qa8 Kg7 54. Rb1 Rf7 55. Rb8 Qd5 56. Rg8+ Kf6 57. Qa1+ Ke7 58. Rxg6 Qf3 59.
Qe5+ Kf8 60. Qd6+ Re7 61. Rf6+ Kg8 62. Qd8+ 1-0

[Event "ch-city"]
[Site "Milanowek"]
[Date "2010.06.26"]
[Round "1.4"]
[White "Grochulski, Grzegorz"]
[Black "Rozycki, Bartlomiej"]
[Result "0-1"]
[WhiteElo "2026"]
[BlackElo "1740"]
[PlyCount "88"]
[EventDate "2010.06.26"]
[EventType "swiss"]
[EventRounds "1"]
[EventCountry "POL"]
[SourceDate "2010.06.26"]

1. e4 e5 2. f4 exf4 3. Nf3 Nf6 4. Nc3 d5 5. exd5 Nxd5 6. Bc4 Be6 7. Qe2 Be7 8.
O-O Nxc3 9. bxc3 Bxc4 10. Qxc4 O-O 11. Rb1 b6 12. d4 Bd6 13. Ne1 Nd7 14. Bxf4
Bxf4 15. Rxf4 Nf6 16. Rb5 Qd6 17. Rbf5 c6 18. Qd3 Nd5 19. Re4 Rae8 20. Rfe5 Nf6
21. Re2 Re6 22. Rxe6 fxe6 23. Nf3 h6 24. c4 c5 25. c3 Rc8 26. Ne5 Nd7 27. Nf3
Nf6 28. Re3 Ng4 29. Re1 Nf6 30. Qe2 Re8 31. h3 Nd7 32. Qe4 Nf6 33. Qg6 Re7 34.
Rf1 Re8 35. Ne5 Rf8 36. Rd1 Nd7 37. Ng4 Kh8 38. Re1 cxd4 39. Nxh6 Ne5 40. Qh5
Nf3+ 41. Kf2 Nxe1+ 42. Kxe1 Qg3+ 43. Kd1 Rf1+ 44. Kc2 Qxc3# 0-1

[Event "ch-city"]
[Site "Milanowek"]
[Date "2010.06.26"]
[Round "1.5"]
[White "Wyszomirski, Krzysztof"]
[Black "Gajewski, Dariusz"]
[Result "0-1"]
[WhiteElo "1736"]
[BlackElo "2014"]
[PlyCount "52"]
[EventDate "2010.06.26"]
[EventType "swiss"]
[EventRounds "1"]
[EventCountry "POL"]
[SourceDate "2010.06.26"]

1. e4 e5 2. Nf3 Nc6 3. Bb5 a6 4. Ba4 Nf6 5. O-O Be7 6. Re1 b5 7. Bb3 O-O 8. c3
d5 9. exd5 Nxd5 10. Nxe5 Nxe5 11. Rxe5 c6 12. d4 Bd6 13. Re1 Qh4 14. g3 Qh3 15.
Qf3 Bg4 16. Qg2 Qh5 17. Bxd5 cxd5 18. Re3 Rae8 19. Nd2 Bh3 20. Qf3 Bg4 21. Qg2
Re6 22. Rxe6 fxe6 23. f4 g5 24. fxg5 Bh3 25. g4 Bxg4 26. Nb3 Bh3 0-1

[Event "ch-city"]
[Site "Milanowek"]
[Date "2010.06.26"]
[Round "1.6"]
[White "Liberadzki, Slawomir"]
[Black "Chmielewska, Joanna"]
[Result "1-0"]
[WhiteElo "2007"]
[BlackElo "1691"]
[PlyCount "55"]
[EventDate "2010.06.26"]
[EventType "swiss"]
[EventRounds "1"]
[EventCountry "POL"]
[SourceDate "2010.06.26"]

1. e4 e6 2. d4 d5 3. e5 c5 4. c3 Nc6 5. Nf3 Bd7 6. a3 Nge7 7. Bd3 Qc7 8. b4
cxd4 9. cxd4 Rc8 10. O-O Ng6 11. g3 Be7 12. Bb2 O-O 13. Nc3 Qd8 14. Rc1 f5 15.
exf6 Rxf6 16. Na4 Bd6 17. Nc5 b6 18. Nxd7 Qxd7 19. Bb5 Qb7 20. Qa4 Nb8 21. Ne5
Ne7 22. Nd7 Rf5 23. Rxc8+ Nxc8 24. Nxb8 Bxb8 25. Ba6 Qc7 26. Rc1 b5 27. Rxc7
bxa4 28. Rxc8+ 1-0

[Event "ch-city"]
[Site "Milanowek"]
[Date "2010.06.26"]
[Round "1.7"]
[White "Winiarski, Mikolaj"]
[Black "Tomaszewska, Luiza"]
[Result "0-1"]
[WhiteElo "1674"]
[BlackElo "1968"]
[PlyCount "106"]
[EventDate "2010.06.26"]
[EventType "swiss"]
[EventRounds "1"]
[EventCountry "POL"]
[SourceDate "2010.06.26"]

1. d4 Nf6 2. c4 c5 3. d5 e5 4. Nc3 d6 5. e4 Be7 6. Bd3 O-O 7. Nge2 Ne8 8. O-O
Bg5 9. Bxg5 Qxg5 10. Ng3 Na6 11. a3 Bd7 12. Rb1 g6 13. Qc2 Ng7 14. Nce2 h5 15.
f4 exf4 16. h4 Qxh4 17. Rxf4 Qg5 18. Nf1 h4 19. Nh2 Bh3 20. Rf2 Bg4 21. Rbf1
Nh5 22. Nxg4 Qxg4 23. Qc3 Ng3 24. Rf4 Qh5 25. Qf6 Qe5 26. Rxh4 Nxe2+ 27. Bxe2
Qxf6 28. Rxf6 Rad8 29. g4 Kg7 30. g5 Nc7 31. Rf2 Rh8 32. Rfh2 Rxh4 33. Rxh4 Re8
34. Bf3 Re5 35. Rg4 Ne8 36. Kf2 f6 37. gxf6+ Nxf6 38. Rf4 g5 39. Rf5 Rxf5 40.
exf5 g4 41. Be2 Kh6 42. Kg3 Kg5 43. Bd3 Nh5+ 44. Kh2 Ng7 45. b4 b6 46. bxc5
bxc5 47. f6 Kxf6 48. Be2 Kg5 49. Kg3 Nf5+ 50. Kg2 Kf4 51. a4 Ne3+ 52. Kf2 g3+
53. Kg1 a5 0-1

[Event "ch-city"]
[Site "Milanowek"]
[Date "2010.06.26"]
[Round "1.8"]
[White "Rogalski, Krzysztof"]
[Black "Herman, Monika"]
[Result "1-0"]
[WhiteElo "1948"]
[BlackElo "1665"]
[PlyCount "103"]
[EventDate "2010.06.26"]
[EventType "swiss"]
[EventRounds "1"]
[EventCountry "POL"]
[SourceDate "2010.06.26"]

1. d4 d5 2. Nf3 Nf6 3. c4 e6 4. Nc3 Be7 5. Bg5 c6 6. e3 Nbd7 7. Qc2 h6 8. Bh4
O-O 9. Bd3 b6 10. O-O Bb7 11. Rad1 dxc4 12. Bxc4 c5 13. dxc5 Bxf3 14. gxf3 Nd5
15. Bxe7 Qxe7 16. Nxd5 exd5 17. Bxd5 Rad8 18. cxb6 Nxb6 19. Bb3 Qg5+ 20. Kh1
Qh5 21. Qe4 Rfe8 22. Rxd8 Rxd8 23. Rd1 Rc8 24. Qg4 Qc5 25. Rg1 Qe5 26. Qd4 Qxd4
27. exd4 Rd8 28. Rd1 a5 29. a3 a4 30. Ba2 Nd7 31. Kg2 Nf6 32. d5 Kf8 33. Bc4
Ke7 34. d6+ Kf8 35. Bb5 Ne8 36. d7 Nf6 37. Bxa4 Ke7 38. Bb5 Nxd7 39. Rxd7+ Rxd7
40. Bxd7 Kxd7 41. Kg3 Kc6 42. Kf4 Kc5 43. h4 Kc4 44. Ke5 Kc5 45. f4 Kc6 46. b4
Kc7 47. f5 Kd7 48. b5 f6+ 49. Kd5 h5 50. b6 Kc8 51. Kc6 Kb8 52. b7 1-0

[Event "ch-city"]
[Site "Milanowek"]
[Date "2010.06.26"]
[Round "1.9"]
[White "Kaminski, Stefan"]
[Black "Sujkowski, Pawel"]
[Result "0-1"]
[WhiteElo "1575"]
[BlackElo "1944"]
[PlyCount "70"]
[EventDate "2010.06.26"]
[EventType "swiss"]
[EventRounds "1"]
[EventCountry "POL"]
[SourceDate "2010.06.26"]

1. e4 c5 2. Nf3 Nc6 3. Bc4 g6 4. O-O Bg7 5. c3 Nf6 6. e5 Ng4 7. d4 cxd4 8. cxd4
d5 9. exd6 Qxd6 10. d5 Nd4 11. Nbd2 Bf5 12. h3 h5 13. g3 Nxf3+ 14. Nxf3 Ne5 15.
Nxe5 Bxe5 16. Bb5+ Kf8 17. h4 Bxg3 18. Qd4 Be5 19. Qd2 Qf6 20. Qg5 Qxg5+ 21.
hxg5 h4 22. f4 h3 23. fxe5 h2+ 24. Kf2 h1=Q 25. Rxh1 Rxh1 26. b3 Rc8 27. Bb2
Rc2+ 28. Be2 Rxa1 29. Bxa1 Rxa2 30. Bc3 Bd3 31. Ke3 Bxe2 32. d6 exd6 33. exd6
Bg4 34. Bb4 Ke8 35. Kd4 Kd7 0-1

[Event "ch-city"]
[Site "Milanowek"]
[Date "2010.06.26"]
[Round "1.10"]
[White "Staniak, Mariusz"]
[Black "Trocha, Adam"]
[Result "1-0"]
[WhiteElo "1901"]
[BlackElo "1525"]
[PlyCount "93"]
[EventDate "2010.06.26"]
[EventType "swiss"]
[EventRounds "1"]
[EventCountry "POL"]
[SourceDate "2010.06.26"]

1. c4 c5 2. g3 Nc6 3. Bg2 Nf6 4. Nc3 e6 5. Nf3 b6 6. O-O Bb7 7. d4 Nxd4 8. Nxd4
Bxg2 9. Kxg2 cxd4 10. Qxd4 Bc5 11. Qd3 O-O 12. Bg5 Be7 13. Rfd1 Qc7 14. Nb5
Qc6+ 15. Kg1 Qc5 16. Bf4 Ng4 17. Qf3 Qxc4 18. Nc7 Rad8 19. Qxg4 e5 20. Rac1 Qe4
21. f3 Qb4 22. Bxe5 Qxg4 23. fxg4 Bc5+ 24. Bd4 d6 25. Nb5 Rc8 26. Bxc5 dxc5 27.
Nxa7 Rcd8 28. Nb5 Ra8 29. a3 Ra4 30. Rd6 Rb8 31. Rcd1 h6 32. Rd8+ Rxd8 33.
Rxd8+ Kh7 34. h3 Re4 35. Kf2 Rc4 36. Nc3 Rd4 37. Rxd4 cxd4 38. Nb5 Kg6 39. Nxd4
Kf6 40. e4 Ke5 41. Ke3 g6 42. h4 Kd6 43. h5 gxh5 44. gxh5 Ke5 45. Nf5 Kf6 46.
Nxh6 Kg5 47. Nxf7+ 1-0

[Event "ch-city"]
[Site "Milanowek"]
[Date "2010.06.26"]
[Round "1.11"]
[White "Rozycki, Dariusz"]
[Black "Cyra, Dariusz"]
[Result "0-1"]
[WhiteElo "1505"]
[BlackElo "1874"]
[PlyCount "64"]
[EventDate "2010.06.26"]
[EventType "swiss"]
[EventRounds "1"]
[EventCountry "POL"]
[SourceDate "2010.06.26"]

1. e4 d5 2. exd5 Qxd5 3. Nc3 Qd6 4. d4 Nf6 5. Nf3 a6 6. g3 Bg4 7. Bf4 Qb4 8.
Qd3 Nc6 9. Bxc7 Nd5 10. Qe4 Bxf3 11. Qxf3 Nxc7 12. O-O-O e6 13. a3 Qa5 14. d5
Nxd5 15. Nxd5 exd5 16. Rxd5 Qe1+ 17. Rd1 Qe6 18. Bxa6 Qh6+ 19. Kb1 bxa6 20.
Rhe1+ Be7 21. Rxe7+ Kxe7 22. Re1+ Kf8 23. g4 Rd8 24. g5 Qd6 25. h4 h6 26. Qh5
Kg8 27. Qg4 hxg5 28. Qxg5 Qd2 29. Re8+ Kh7 30. Qf5+ Kh6 31. Re3 Qd1+ 32. Ka2
Qd5+ 0-1

[Event "ch-city"]
[Site "Milanowek"]
[Date "2010.06.26"]
[Round "1.12"]
[White "Borkowski, Adam"]
[Black "Rozycki, Wojciech"]
[Result "1-0"]
[WhiteElo "1827"]
[BlackElo "1503"]
[PlyCount "79"]
[EventDate "2010.06.26"]
[EventType "swiss"]
[EventRounds "1"]
[EventCountry "POL"]
[SourceDate "2010.06.26"]

1. c4 e6 2. Nf3 d5 3. e3 c5 4. cxd5 exd5 5. d3 Nc6 6. Be2 Bg4 7. O-O Qc7 8. Nc3
O-O-O 9. d4 Nf6 10. a3 h5 11. dxc5 Bxc5 12. b4 Bd6 13. Nb5 Qe7 14. Nxd6+ Rxd6
15. Bb2 Ne4 16. b5 Bxf3 17. Bxf3 Ne5 18. Bxe4 dxe4 19. Qc2+ Kd7 20. Qxe4 f6 21.
Qxb7+ Ke6 22. Qxe7+ Kxe7 23. Bxe5 fxe5 24. Rfd1 Rb6 25. a4 Rc8 26. Ra2 Rc4 27.
g3 a6 28. bxa6 Rxa6 29. Rad2 Rcxa4 30. Rd7+ Kf6 31. R1d6+ Rxd6 32. Rxd6+ Kf5
33. Kg2 g5 34. h3 Rc4 35. Rh6 h4 36. g4+ Ke4 37. Rg6 Kd3 38. Rxg5 e4 39. Rd5+
Ke2 40. Rd4 1-0

[Event "ch-city"]
[Site "Milanowek"]
[Date "2010.06.26"]
[Round "1.13"]
[White "Kucharski, Jacek"]
[Black "Lasota, Adam"]
[Result "0-1"]
[WhiteElo "1369"]
[BlackElo "1825"]
[PlyCount "120"]
[EventDate "2010.06.26"]
[EventType "swiss"]
[EventRounds "1"]
[EventCountry "POL"]
[SourceDate "2010.06.26"]

1. d4 Nf6 2. Nf3 e6 3. g3 d5 4. Bg2 c5 5. c3 Nbd7 6. O-O Be7 7. Bg5 h6 8. Bxf6
Nxf6 9. Nbd2 O-O 10. e3 b6 11. Rc1 Nd7 12. b3 Ba6 13. Re1 Rc8 14. c4 dxc4 15.
Bf1 cxd4 16. Nxd4 Ba3 17. Bxc4 Bxc1 18. Bxa6 Bxd2 19. Qxd2 Rc5 20. Rd1 Nf6 21.
Bb7 Rc7 22. Bf3 Rd7 23. Qc2 e5 24. Nc6 Rxd1+ 25. Bxd1 Qc7 26. Bf3 Rc8 27. Qf5
Re8 28. Qc2 e4 29. Bd1 Rc8 30. Ne7+ Qxe7 31. Qxc8+ Kh7 32. Bc2 g6 33. Qc4 Kg7
34. Qd4 Qa3 35. Bxe4 Qxa2 36. Bd5 Qb1+ 37. Kg2 Qf5 38. e4 Qd7 39. f3 Qe7 40. e5
Nxd5 41. Qxd5 g5 42. Qd4 Qe6 43. b4 a6 44. Qa1 Qc4 45. e6+ f6 46. e7 Qe2+ 47.
Kh3 Qxe7 48. Qxa6 Qxb4 49. Qb7+ Kg6 50. Qd7 Qf8 51. f4 Qc5 52. Qe8+ Kg7 53.
Qd7+ Kf8 54. Qd8+ Kf7 55. Qd7+ Qe7 56. Qd5+ Qe6+ 57. Qxe6+ Kxe6 58. fxg5 fxg5
59. Kg4 b5 60. Kf3 Ke5 0-1

[Event "ch-city"]
[Site "Milanowek"]
[Date "2010.06.27"]
[Round "2.1"]
[White "Janczarski, Michal"]
[Black "Staniak, Mariusz"]
[Result "1-0"]
[WhiteElo "2281"]
[BlackElo "1901"]
[PlyCount "67"]
[EventDate "2010.06.26"]
[EventType "swiss"]
[EventRounds "1"]
[EventCountry "POL"]
[SourceDate "2010.06.26"]

1. c4 Nf6 2. Nc3 c5 3. g3 g6 4. Bg2 Bg7 5. e3 O-O 6. Nge2 Nc6 7. a3 d6 8. Rb1
Bf5 9. d3 Qd7 10. h3 h5 11. b4 cxb4 12. axb4 a5 13. b5 Nb4 14. e4 Be6 15. Ba3
Ra7 16. f4 Rc8 17. Kf1 Nxd3 18. Qxd3 Bxc4 19. Qe3 b6 20. Kg1 Ne8 21. Kh2 Rac7
22. Rhc1 Be6 23. Nd4 Rc4 24. Nce2 Nc7 25. f5 gxf5 26. exf5 Bd5 27. Rxc4 Bxc4
28. Bc6 Qd8 29. Nf4 e5 30. fxe6 Nxe6 31. Ndxe6 fxe6 32. Rc1 Bd5 33. Bxd5 Rxc1
34. Qxe6+ 1-0

[Event "ch-city"]
[Site "Milanowek"]
[Date "2010.06.27"]
[Round "2.2"]
[White "Sujkowski, Pawel"]
[Black "Olejarczyk, Bogdan"]
[Result "0-1"]
[WhiteElo "1944"]
[BlackElo "2174"]
[PlyCount "130"]
[EventDate "2010.06.26"]
[EventType "swiss"]
[EventRounds "1"]
[EventCountry "POL"]
[SourceDate "2010.06.26"]

1. d4 d5 2. c4 c6 3. Nf3 Nf6 4. Nc3 e6 5. Bg5 Be7 6. e3 Nbd7 7. Rc1 O-O 8. Bd3
h6 9. Bh4 dxc4 10. Bxc4 c5 11. O-O a6 12. Be2 b5 13. dxc5 Nxc5 14. Nd4 Bb7 15.
Bf3 Qb6 16. Bxb7 Nxb7 17. Qf3 Rac8 18. Qe2 Rc7 19. h3 Rfc8 20. Bg3 Bd6 21. Bxd6
Nxd6 22. a4 b4 23. Na2 Nfe4 24. Rxc7 Rxc7 25. Rc1 a5 26. Rxc7 Qxc7 27. f3 Ng3
28. Qd3 Qc5 29. Nb3 Qe5 30. Nd4 Ndf5 31. Kf2 Nxd4 32. exd4 Qc7 33. Qd1 Nf5 34.
Nc1 Nxd4 35. Qxd4 Qxc1 36. Kg3 Qc7+ 37. Kf2 g6 38. Kg1 Kh7 39. Qf6 Qc5+ 40. Kh2
Qf5 41. Qe7 Qe5+ 42. Kh1 Kg7 43. b3 Qd5 44. Qc7 Qxb3 45. Qxa5 Qc3 46. Kh2 Kf6
47. Qd8+ Kg7 48. Qa5 h5 49. Kg3 Kh7 50. h4 Qc4 51. Qa7 Kg7 52. a5 b3 53. Qb6
Qc3 54. a6 b2 55. a7 Qe1+ 56. Kh3 b1=Q 57. Qxb1 Qxb1 58. a8=Q Qf5+ 59. Kg3 $11
Qe5+ 60. Kh3 Qf4 61. Qa1+ Kh7 62. Qa7 e5 63. Qe7 Kg7 64. Qb7 g5 65. hxg5 h4 0-1

[Event "ch-city"]
[Site "Milanowek"]
[Date "2010.06.27"]
[Round "2.3"]
[White "Gajewski, Dariusz"]
[Black "Borkowski, Adam"]
[Result "0-1"]
[WhiteElo "2014"]
[BlackElo "1827"]
[PlyCount "52"]
[EventDate "2010.06.26"]
[EventType "swiss"]
[EventRounds "1"]
[EventCountry "POL"]
[SourceDate "2010.06.26"]

1. e4 c5 2. Nf3 Nc6 3. d4 cxd4 4. Nxd4 Nf6 5. Nc3 e5 6. Ndb5 d6 7. Bg5 a6 8.
Na3 b5 9. Nd5 Be7 10. Bxf6 Bxf6 11. c3 Ne7 12. Nc2 Be6 13. Nce3 Bg5 14. a4 Rb8
15. axb5 axb5 16. Nxe7 Bxe7 17. Nd5 O-O 18. Ra7 Bg5 19. h4 Bxd5 20. Qxd5 Bxh4
21. Ra6 Qg5 22. Ra1 b4 23. Bc4 bxc3 24. bxc3 Qe3+ 25. Kd1 Bxf2 26. Rh3 Qe1+ 0-1

[Event "ch-city"]
[Site "Milanowek"]
[Date "2010.06.27"]
[Round "2.4"]
[White "Cyra, Dariusz"]
[Black "Liberadzki, Slawomir"]
[Result "0-1"]
[WhiteElo "1874"]
[BlackElo "2007"]
[PlyCount "80"]
[EventDate "2010.06.26"]
[EventType "swiss"]
[EventRounds "1"]
[EventCountry "POL"]
[SourceDate "2010.06.26"]

1. d4 d5 2. c4 e6 3. Nc3 Nf6 4. Nf3 c5 5. cxd5 Nxd5 6. g3 Nc6 7. Bg2 Be7 8. O-O
O-O 9. Nxd5 exd5 10. dxc5 Bxc5 11. Qc2 Be7 12. Rd1 Bf6 13. Be3 Bg4 14. Qa4 Qd7
15. Rd2 b5 16. Qd1 Rad8 17. Nd4 Nxd4 18. Bxd4 Be7 19. Be5 Qf5 20. Bd4 Bg5 21.
Rd3 Qe6 22. Be3 Bxe3 23. Rxe3 Qf6 24. Rb3 Rfe8 25. f3 Qb6+ 26. Kf1 Be6 27. Rd3
d4 28. b3 Bf5 29. Rd2 a5 30. Rc1 h6 31. f4 Be4 32. Bxe4 Rxe4 33. Qc2 Qe6 34.
Kf2 Re8 35. Qd3 Qh3 36. Rh1 Qh5 37. Qf3 Qc5 38. Kg2 Re3 39. Qf2 Qc6+ 40. Kg1
Qc1+ 0-1

[Event "ch-city"]
[Site "Milanowek"]
[Date "2010.06.27"]
[Round "2.5"]
[White "Tomaszewska, Luiza"]
[Black "Woloszyn, Piotr"]
[Result "1-0"]
[WhiteElo "1968"]
[BlackElo "1759"]
[PlyCount "127"]
[EventDate "2010.06.26"]
[EventType "swiss"]
[EventRounds "1"]
[EventCountry "POL"]
[SourceDate "2010.06.26"]

1. e4 d5 2. e5 c5 3. d3 Nc6 4. f4 h5 5. Nf3 Nh6 6. Be2 g6 7. c3 Nf5 8. Ng5 Bh6
9. e6 Bxg5 10. exf7+ Kxf7 11. fxg5 Qd6 12. O-O Kg7 13. Na3 a6 14. Nc2 d4 15.
Bf3 Bd7 16. Qe2 e5 17. Bd2 Rae8 18. Be4 Rhf8 19. a3 Na5 20. cxd4 Nb3 21. dxe5
Qxe5 22. Bc3 Nfd4 23. Bxd4 Nxd4 24. Nxd4 Qxd4+ 25. Kh1 Bf5 26. Qc2 Bxe4 27.
dxe4 Rxe4 28. Rxf8 Kxf8 29. Rf1+ Kg7 30. Qb3 Re7 31. Qf3 Kh7 32. Qf8 Qg7 33.
Qf6 Qxf6 34. gxf6 Rf7 35. h4 g5 36. Rf5 gxh4 37. Rxh5+ Kg6 38. Rxc5 Rxf6 39.
Rc7 b6 40. Kh2 Kh5 41. Kh3 Rf4 42. Rc6 Rd4 43. Rxb6 Rd3+ 44. Kh2 a5 45. Rb5+
Kh6 46. Rxa5 Rb3 47. Ra4 Rxb2 48. Rxh4+ Kg5 49. Rb4 Ra2 50. a4 Ra1 51. Rb5+ Kg4
52. Ra5 Kf4 53. Ra8 Ke5 54. a5 Kd6 55. a6 Kc7 56. Kh3 Rh1+ 57. Kg4 Kb6 58. Kg5
Rg1 59. g4 Rg2 60. Kf5 Rf2+ 61. Kg6 Rd2 62. g5 Rd7 63. Kh6 Kc6 64. g6 1-0

[Event "ch-city"]
[Site "Milanowek"]
[Date "2010.06.27"]
[Round "2.6"]
[White "Lasota, Adam"]
[Black "Rogalski, Krzysztof"]
[Result "1/2-1/2"]
[WhiteElo "1825"]
[BlackElo "1948"]
[PlyCount "115"]
[EventDate "2010.06.26"]
[EventType "swiss"]
[EventRounds "1"]
[EventCountry "POL"]
[SourceDate "2010.06.26"]

1. d4 Nf6 2. c4 e6 3. Nc3 Bb4 4. e3 b6 5. Bd3 Bb7 6. Nf3 O-O 7. a3 Bxc3+ 8.
bxc3 Ne4 9. Qc2 f5 10. O-O d6 11. Nd2 Nxd2 12. Bxd2 Nd7 13. f3 Qe7 14. Rae1
Rae8 15. a4 a5 16. e4 fxe4 17. Bxe4 Bxe4 18. Rxe4 Nf6 19. Re2 Qd7 20. Rfe1 Qf7
21. Bf4 Nh5 22. Bg3 Nxg3 23. hxg3 e5 24. d5 Rc8 25. Qb1 Qd7 26. Qb5 Qd8 27. Qc6
Qg5 28. Kf2 Qf6 29. Re4 g5 30. Rh1 Qg6 31. Ke3 Rf7 32. Re1 Rcf8 33. g4 Qg7 34.
Qb5 Rf4 35. Qb1 Qg6 36. Kf2 Rxe4 37. Rxe4 Rf4 38. Ke3 Rf8 39. Qb5 Qe8 40. Kf2
Qe7 41. Qb1 Rf4 42. Ke3 Kg7 43. Kf2 Qd7 44. Rxf4 exf4 45. Qe4 Qf7 46. g3 fxg3+
47. Kxg3 Qf6 48. Qd4 Qxd4 49. cxd4 Kf6 50. Kf2 Kg6 51. Kg3 h5 52. gxh5+ Kxh5
53. Kh3 Kg6 54. Kg4 Kf6 55. f4 gxf4 56. Kxf4 Kg6 57. Kg4 Kf6 58. Kf4 1/2-1/2

[Event "ch-city"]
[Site "Milanowek"]
[Date "2010.06.27"]
[Round "2.7"]
[White "Rozycki, Bartlomiej"]
[Black "Kowalik, Pawel"]
[Result "1-0"]
[WhiteElo "1740"]
[BlackElo "1791"]
[PlyCount "115"]
[EventDate "2010.06.26"]
[EventType "swiss"]
[EventRounds "1"]
[EventCountry "POL"]
[SourceDate "2010.06.26"]

1. e4 d6 2. d4 e5 3. dxe5 dxe5 4. Qxd8+ Kxd8 5. Bc4 f6 6. Be3 Bb4+ 7. c3 Bd6 8.
Nd2 Nh6 9. f3 Ke7 10. Bxh6 gxh6 11. g4 Nd7 12. Ne2 Nf8 13. Ng3 Ng6 14. h4 Bc5
15. Nf5+ Bxf5 16. exf5 Nf4 17. h5 a6 18. O-O-O b5 19. Bf1 Be3 20. Kc2 Bxd2 21.
Rxd2 Rad8 22. Rhh2 Rxd2+ 23. Rxd2 Rd8 24. Rxd8 Kxd8 25. Kb3 c6 26. Kb4 Kc7 27.
Ka5 Kb7 28. c4 Ka7 29. b4 Kb7 30. a4 bxa4 31. Kxa4 c5 32. bxc5 Kc6 33. Kb4 a5+
34. Kxa5 Kxc5 35. Ka4 Kb6 36. Kb4 Kc6 37. Ka5 Kc5 38. Ka6 Kc6 39. Ka5 Kc5 40.
Ka4 Kb6 41. Kb4 Kc6 42. Kb3 Kd6 43. Kc2 Kc6 44. Kd2 Kc5 45. Kc3 Kb6 46. Bd3 Kc5
47. Be4 Ne2+ 48. Kc2 Nd4+ 49. Kd3 Kb4 50. Bd5 Kc5 51. Ke4 Nb3 52. Kd3 Nd4 53.
Be4 Nb3 54. Ba8 Nc1+ 55. Kc2 Ne2 56. Bd5 Nd4+ 57. Kd3 Kb4 58. f4 1-0

[Event "ch-city"]
[Site "Milanowek"]
[Date "2010.06.27"]
[Round "2.9"]
[White "Herman, Monika"]
[Black "Grochulski, Grzegorz"]
[Result "1-0"]
[WhiteElo "1665"]
[BlackElo "2026"]
[PlyCount "117"]
[EventDate "2010.06.26"]
[EventType "swiss"]
[EventRounds "1"]
[EventCountry "POL"]
[SourceDate "2010.06.26"]

1. e4 e6 2. d3 c5 3. Nf3 Nc6 4. Nc3 Nge7 5. d4 cxd4 6. Nxd4 Nxd4 7. Qxd4 Nc6 8.
Qd1 Qc7 9. Bd3 a6 10. Bd2 b5 11. a3 d6 12. O-O Be7 13. Re1 O-O 14. Qh5 Ne5 15.
Re3 g6 16. Rg3 Rd8 17. Qh6 Bf8 18. Qh4 Bb7 19. Bg5 Re8 20. Bf6 Nd7 21. Bg5 Bg7
22. Rh3 Nf8 23. Re1 e5 24. Ree3 Qd7 25. Be2 Bc6 26. Nd5 Bxd5 27. exd5 Qb7 28.
Rc3 Qxd5 29. Rcd3 Qe6 30. Rdf3 f5 31. g4 f4 32. Bh6 Rac8 33. c3 d5 34. Bd1 Bxh6
35. Qxh6 Qxg4+ 36. Kf1 Rc7 37. Rd3 Qe6 38. Bb3 Rd7 39. a4 e4 40. Rd4 Qe5 41.
Rh4 f3 42. Rg4 Ne6 43. Rgxe4 Qxe4 44. Rxe4 dxe4 45. axb5 axb5 46. Qe3 Kf8 47.
Qxe4 $11 Nd4 48. Qf4+ Nf5 49. Qxf3 Rd2 50. Qb7 Re7 51. Qxb5 Rxb2 52. Qc4 Kg7
53. Qg8+ Kh6 54. Qf8+ Kg5 55. h4+ Kxh4 56. Qf6+ Kh3 57. Be6 Rb1+ 58. Ke2 Rb6
59. Qxe7 1-0

[Event "ch-city"]
[Site "Milanowek"]
[Date "2010.06.27"]
[Round "2.10"]
[White "Paziewski, Marcin"]
[Black "Rozycki, Dariusz"]
[Result "1/2-1/2"]
[WhiteElo "1761"]
[BlackElo "1505"]
[PlyCount "91"]
[EventDate "2010.06.26"]
[EventType "swiss"]
[EventRounds "1"]
[EventCountry "POL"]
[SourceDate "2010.06.26"]

1. d4 Nf6 2. c4 c5 3. d5 b5 4. cxb5 a6 5. b6 Qxb6 6. Nc3 g6 7. e4 d6 8. Nf3 Bg7
9. Be2 O-O 10. O-O a5 11. Nd2 Nbd7 12. Nc4 Qc7 13. f3 Ba6 14. a4 Bxc4 15. Bxc4
Ne5 16. Nb5 Qb6 17. Qe2 Nxc4 18. Qxc4 Nd7 19. f4 Bd4+ 20. Kh1 Nf6 21. Nxd4 cxd4
22. Qd3 e5 23. fxe5 dxe5 24. Bd2 Ng4 25. h3 Ne3 26. Bxe3 dxe3 27. Rfe1 Qxb2 $11
28. Qxe3 Rfe8 29. Reb1 Qd4 30. Qxd4 exd4 31. Re1 Rab8 32. e5 Rec8 33. Rac1 d3
34. Rxc8+ Rxc8 35. Rd1 Rc3 36. d6 Kf8 37. Kg1 Ke8 38. Kf2 Kd7 39. Ke3 Rc5 40.
Ke4 Rc4+ 41. Kd5 Rxa4 42. Rxd3 Ra1 43. Rc3 Rd1+ 44. Kc4 Re1 45. Kd5 Rd1+ 46.
Kc4 $11 1/2-1/2